Pokémon - 5G (images) - Statistiques

Statistiques générales
  • Ce quiz a été pris 386 fois
  • Le résultat moyen est 105 sur 156
Statistiques - réponses
Par images Réponse % Correct
Victini
95%
Vipélierre
95%
Majaspic
90%
Flamajou
89%
Moustillon
89%
Ponchien
89%
Ponchiot
89%
Feuillajou
88%
Gruikui
87%
Clamiral
84%
Roitiflam
84%
Lianaja
83%
Ratentif
83%
Zorua
83%
Flotajou
82%
Poichigeon
82%
Zébibron
82%
Mastouffe
81%
Flamoutan
80%
Reshiram
80%
Zéblitz
80%
Zekrom
80%
Feuiloutan
79%
Grotichon
78%
Chovsourir
77%
Kyurem
77%
Miradar
77%
Bétochef
76%
Chacripan
76%
Emolga
76%
Léopardus
76%
Sorbébé
76%
Tic
76%
Zoroark
75%
Charpenti
74%
Darumacho
74%
Flotoutan
74%
Judokrak
74%
Chinchidou
73%
Clic
73%
Genesect
73%
Rototaupe
73%
Sorbouboul
73%
Sorboul
73%
Crocorible
72%
Mascaïman
72%
Nodulithe
72%
Aflamanoir
71%
Boréas
71%
Gigalithe
71%
Golemastoc
71%
Anchwatt
70%
Cobaltium
70%
Mateloutre
70%
Minotaupe
70%
Ouvrifier
70%
Pyrax
70%
Scalproie
70%
Coupenotte
69%
Déflaisan
69%
Démétéros
69%
Doudouvet
69%
Fulguris
69%
Funécire
69%
Hexagel
69%
Keldeo
69%
Lakmécygne
69%
Limonde
69%
Munna
69%
Polarhume
69%
Tranchodon
69%
Venipatte
69%
Baggaïd
68%
Lampéroie
68%
Miasmax
68%
Nanméouïe
68%
Terrakium
68%
Tutafeh
68%
Viridium
68%
Vivaldaim
68%
Couaneton
67%
Crabicoque
67%
Rhinolove
67%
Scalpion
67%
Darumarond
66%
Fermite
66%
Karaclée
66%
Meloetta
66%
Trioxhydre
66%
Baggiguane
65%
Chlorobule
65%
Escroco
65%
Fragilady
65%
Grindur
65%
Mygavolt
65%
Scobolide
65%
Solochi
65%
Cliticlic
64%
Nucléos
64%
Ohmassacre
64%
Polagriffe
64%
Frison
63%
Tutankafer
63%
Batracné
62%
Crapustule
62%
Cryptéro
62%
Drakkarmin
62%
Lugulabre
62%
Shaofouine
62%
Statitik
62%
Tritonde
62%
Farfaduvet
61%
Kungfouine
61%
Pashmilla
61%
Couverdure
60%
Crabaraque
60%
Diamat
60%
Géolithe
60%
Gueriaigle
60%
Limaspeed
60%
Miamiasme
60%
Mushana
60%
Noacier
60%
Symbios
60%
Bargantua
59%
Manternel
59%
Furaiglon
58%
Gringolem
58%
Lançargot
58%
Mamanbo
58%
Scrutella
58%
Colombeau
57%
Brutapode
56%
Méios
56%
Trompignon
56%
Viskuse
56%
Vostourno
56%
Carapagos
55%
Lewsor
55%
Carabing
54%
Escargaume
54%
Gaulet
53%
Haydaim
53%
Incisache
53%
Larveyette
53%
Moyade
53%
Pyronille
53%
Sidérella
53%
Mesmérella
52%
Vaututrice
51%
Mégapagos
50%
Aéroptéryx
49%
Maracachi
48%
Neitram
48%
Mélancolux
45%
Arkéapti
44%
Aucun quiz correspondant
Distribution des résultats
% des personnes avec chaque résultat
Percentile par nombre de réponses
Votre historique - résultats
Vous n’avez pas pris ce quiz